| 000 | 01489nam a22002417a 4500 | ||
|---|---|---|---|
| 003 | BJBSDDR | ||
| 005 | 20260409121324.0 | ||
| 007 | ta | ||
| 008 | 260409s2015 ||||| |||| 00| 0 spa d | ||
| 020 | _a9789945082661 | ||
| 020 | _a9945082663 | ||
| 040 |
_bspa _cBJBSDDR |
||
| 041 | _aspa | ||
| 050 | _bB142 2015 | ||
| 100 | 1 |
_dBáez-Rossi, Kirine _947855 |
|
| 245 | 1 | 0 |
_aAventuras & novatadas de una madre primeriza : _bconsejos prácticos para el desarrollo saludable de tu bebé / _cKirine Báez-Rossi |
| 250 | _aPrimera edición | ||
| 260 |
_aSan Juan, Puerto Rico : _bKIRINE BAEZ-ROSSI _c2015 |
||
| 300 |
_a123 páginas : _bilustraciones ; _c22 cm |
||
| 520 | _aEn Aventuras y novatadas de una madre primeriza las lectoras encontrarán respuestas y herramientas esenciales que les guiarán en el desarrollo saludable del bebé, desde el nacimiento hasta los dos años. De manera concisa, el libro presenta consejos prácticos sobre cuidado pregestacional, cuidado pediátrico, lactancia, desarrollo socioemocional y estimulación temprana. En un estilo ameno, la autora intercala narraciones de carácter vivencial con las recomendaciones que recogió de más de una docena de especialistas pediátricos, entre ellos, ginecólogos, pediatras, sicólogos y expertos en desarrollo infantil. A través de las anécdotas de la autora, las lectoras podrán identificarse con los traspiés, aciertos y desafíos propios de la maternidad. | ||
| 942 |
_2lcc _n0 _cBK |
||
| 946 | _icmc | ||
| 999 |
_c126756 _d126756 |
||